ბათუმის შოთა რუსთაველის სახელმწიფო უნივერსიტეტის ბიბლიოთეკა

ცდა, რომელიც გამოცდილებად იქცა : (ბიბ.ჩანაწერი № 63572)

000 -ლიდერი
ფიქსირებული სიგრძის საკონტროლო ველი 01161nam a22001937a 4500
003 - საკონტროლო ნომრის იდენტიფიკატორი
საკონტროლო ველი Ge_BSU
005 - ბოლო ოპერაციის თარიღი და დრო
საკონტროლო ველი 20251103171511.0
008 - ფიქსირებული სიგრძის მონაცემთა ელემენტები - ზოგადი ინფორმაცია
ფიქსირებული სიგრძის საკონტროლო ველი 251103s1982 ge ||||| |||| 00| 0 geo d
041 ## - ენის კოდი
Language code of text/sound track or separate title geo
080 ## - უნივერსალური ათობითი კლასიფიკაციის ინდექსი
Universal Decimal Classification number 338.43(479.22) :631.115.11(479.22) მ-45
100 ## - მთავარი ჩანაწერი - პიროვნების სახელი
Personal name მგელაძე, გურამ
9 (RLIN) 26150
245 ## - ცნობა სათაურის შესახებ
Title ცდა, რომელიც გამოცდილებად იქცა :
Remainder of title (რაიკომის მდივნის ჩანაწერები) [აბაშის რაიონის ექსპერიმენტის შესახებ] /
Statement of responsibility, etc გურამ მგელაძე.
264 ## - წარმოების, გამოცემის, დისტრიბუციის და სხვა ცნობები
გამოცემის, წარმოების, დისტრიბუციის... ადგილი თბ. :
გამოცემის, წარმოების, დისტრიბუციის... სახელწოდება საბჭ. საქართველო,
გამოცემის, წარმოების, დისტრიბუციის... თარიღი 1982.
300 ## - ფიზიკური აღწერა
Extent 189 გვ. :
Other physical details 8 ფ. ილ. ;
Dimensions 20 სმ.
653 ## - INDEX TERM--UNCONTROLLED
Uncontrolled term საქართველოს სოფლის მეურნეობის ეკონომიკა
653 ## - INDEX TERM--UNCONTROLLED
Uncontrolled term ეკონომიკური ექსპერიმენტები საქართველოში
653 ## - INDEX TERM--UNCONTROLLED
Uncontrolled term პირადი დამხმარე მეურნეობები
942 ## - ADDED ENTRY ELEMENTS (KOHA)
Source of classification or shelving scheme
Koha item type წიგნი
ეგზემპლარები
ჩამოწერის სტატუსი დაკარგული ეგზემპლარის სტატუსი კლასიფიკაციის წყარო ან თაროზე გაწყობის სქემა დაზიანების სტატუსი არ გაიცემა მუდმივი მდებარეობა (დაცვის ადგილი) ამჟამინდელი ადგილსამყოფელი თაროზე განთავსების ადგილი შეძენის თარიღი ღირებულება, შესყიდვის ნორმალური ფასი სრული შენახვის შიფრი შტრიხკოდი ბოლო ოპერაციის თარიღი ეგზემპლარის მიმდევრობითი ნომერი (კეტერი?) ფასის ძალაში შესვლის თარიღი ეგზემპლარის სახეობა საჯარო შენიშვნა
          ბათუმის შოთა რუსთაველის სახელმწიფო უნივერსიტეტის მთავარი ბიბლიოთეკა ბათუმის შოთა რუსთაველის სახელმწიფო უნივერსიტეტის მთავარი ბიბლიოთეკა წიგნსაცავი 2025-11-03 0.80 338.43(479.22) :631.115.11(479.22) მ-45 72897 2025-11-03 72897 2025-11-03 წიგნი 0.80 თ.
          ბათუმის შოთა რუსთაველის სახელმწიფო უნივერსიტეტის მთავარი ბიბლიოთეკა ბათუმის შოთა რუსთაველის სახელმწიფო უნივერსიტეტის მთავარი ბიბლიოთეკა წიგნსაცავი 2025-11-03 0.80 338.43(479.22) :631.115.11(479.22) მ-45 72898 2025-11-03 72898 2025-11-03 წიგნი 0.80 თ.